La clase obrera nicaraguense en 1984: desafios
Guardado en:
| Format: | Texto |
|---|---|
| Fag: | |
| Tags: |
Tilføj Tag
Ingen Tags, Vær først til at tagge denne postø!
|
MARC
| LEADER | 00000 a a2200000 04500 | ||
|---|---|---|---|
| 001 | 44552 | ||
| 003 | |||
| 040 | |||
| 245 | |a La clase obrera nicaraguense en 1984: |b desafios | ||
| 650 | |a REVOLUCION | ||
| 650 | |a OPOSICION POLITICA | ||
| 650 | |a SANDINISMO | ||
| 650 | |a NICARAGUA | ||
| 650 | |a SINDICALISMO | ||
| 650 | |a TRABAJADORES | ||
| 650 | |a MOVIMIENTOS SOCIALES | ||
| 650 | |a REVOLUCION | ||
| 650 | |a CLASE OBRERA | ||
| 650 | |a LUCHAS SOCIALES | ||
| 650 | |a TRABAJADORES | ||
| 773 | |g volumen8, número52 (1984), Página: 821 | ||
| 999 | |c 39204 |d 39204 | ||
| 773 | 0 | |0 42391 |9 4212 |a Agencia Latinoamericana de Información, ALAI |d Quito, Ecuador: ALAI |o 04316 |t ALAI: |x 08275564 (Servicio mensual de información y documentación) | |
